[Event "Prebor Prahy jednotlivcu + Rejfiruv memorial 2025"]
[Site "Praha"]
[Date "2025.05.14"]
[Round "5.9"]
[White "Koper, Stefan"]
[Black "Mikhno, Artem"]
[Result "0-1"]
[WhiteElo "1826"]
[BlackElo "1901"]
[PlyCount "104"]
[GameId "2177487114029328"]
[EventDate "2025.??.??"]

1. Nf3 Nf6 2. d4 e6 3. g3 d5 4. Bg2 c5 5. c3 Nc6 6. O-O cxd4 7. cxd4 Be7 8. Nc3 O-O 9. a3 Bd7 10. b4 a6 11. Bb2 Rc8 12. e3 Ne8 13. Na4 b6 14. Ne5 Nb8 15. Nc3 Nd6 16. Re1 Bf6 17. Nxd7 Qxd7 18. Re2 Rc7 19. Ra2 Rfc8 20. Bf1 b5 21. Rc2 Nc4 22. Bc1 Nxe3 23. Bxe3 Rxc3 24. Rxc3 Rxc3 25. a4 bxa4 26. Qxa4 Qxa4 27. Rxa4 g5 28. b5 axb5 29. Ra8 Rc8 30. Bxb5 h6 31. Kg2 Kg7 32. h4 Rf8 33. Kf3 gxh4 34. gxh4 Bxh4 35. Bf4 Nd7 36. Bxh6+ Kxh6 37. Ra7 Nf6 38. Bd3 Kg7 39. Ra1 Rg8 40. Rg1+ Kf8 41. Ra1 Ne8 42. Ra8 Kg7 43. Ra7 Bf6 44. Ke3 Rh8 45. f3 Bg5+ 46. Ke2 Rh2+ 47. Ke1 Rd2 48. Bb5 Nd6 49. Bd7 Kf6 50. Ra6 Nf5 51. Be8 Nxd4 52. Ra3 Nc2+ 0-1

[Event "Prebor Prahy jednotlivcu + Rejfiruv memorial 2025"]
[Site "Praha"]
[Date "2025.05.14"]
[Round "5.10"]
[White "Vanek, Petr"]
[Black "Petras, Milan"]
[Result "1/2-1/2"]
[Annotator "U~ivatel"]
[WhiteElo "2004"]
[BlackElo "2006"]
[PlyCount "32"]
[GameId "2177478733537733"]
[EventDate "2025.??.??"]

1. e4 c6 2. d4 d5 3. e5 Bf5 4. Nd2 e6 5. Nb3 f6 6. Nf3 fxe5 7. Nxe5 Nd7 8. Be3 Ngf6 9. c4 Bb4+ 10. Bd2 Bxd2+ 11. Qxd2 Nxe5 12. dxe5 Nd7 13. cxd5 exd5 14. f4 Qh4+ 15. g3 Qh5 16. Be2 Bg4 1/2-1/2

[Event "Prebor Prahy jednotlivcu + Rejfiruv memorial 2025"]
[Site "Praha"]
[Date "2025.05.21"]
[Round "6.1"]
[White "Kulhanek, Tomas"]
[Black "Svadlenka, Dominik"]
[Result "1/2-1/2"]
[WhiteElo "2310"]
[BlackElo "1957"]
[PlyCount "51"]
[GameId "2180026322968887"]
[EventDate "2025.??.??"]

1. e4 c6 2. d4 d5 3. e5 c5 4. c3 Nc6 5. Bb5 Qc7 6. Bf4 e6 7. Nf3 Bd7 8. O-O Nge7 9. Be2 Nf5 10. Bd3 cxd4 11. Bxf5 exf5 12. cxd4 Be6 13. Nc3 a6 14. h4 b5 15. a4 b4 16. Ne2 Be7 17. Bg5 O-O 18. Rc1 Bxg5 19. hxg5 Qb6 20. Rc5 Na5 21. Nf4 Nb7 22. Rc1 g6 23. Nxe6 fxe6 24. Qc2 Na5 25. b3 Qb7 26. Qd3 1/2-1/2

[Event "Prebor Prahy jednotlivcu + Rejfiruv memorial 2025"]
[Site "Praha"]
[Date "2025.05.21"]
[Round "6.2"]
[White "Matras, Ondrej"]
[Black "Muron, Miroslav"]
[Result "1/2-1/2"]
[WhiteElo "2146"]
[BlackElo "2113"]
[PlyCount "103"]
[GameId "2180048192807423"]
[EventDate "2025.??.??"]

1. d4 Nf6 2. c4 g6 3. Nc3 Bg7 4. e4 d6 5. f3 O-O 6. Be3 c5 7. dxc5 dxc5 8. Qxd8 Rxd8 9. Bxc5 Nc6 10. Nge2 Nd7 11. Ba3 Nde5 12. Nf4 Nd4 13. O-O-O e6 14. Bc5 Nec6 15. Nfe2 b6 16. Nxd4 Nxd4 17. Bxd4 Bxd4 18. Kc2 a6 19. Ne2 Bf6 20. Rxd8+ Bxd8 21. Nc3 Bc7 22. Be2 Bb7 23. h3 Rd8 24. Rd1 Rxd1 25. Nxd1 Kg7 26. b4 Kf6 27. Ne3 Ke5 28. Kd3 f5 29. exf5 gxf5 30. Nf1 Bd6 31. Kc3 h5 32. Bd1 h4 33. Ba4 Kf4 34. Bd7 e5 35. b5 axb5 36. cxb5 Bd5 37. a4 e4 38. fxe4 fxe4 39. Bc6 e3 40. Nxe3 Bxc6 41. Nc4 Bxg2 42. Nxd6 Bxh3 43. Kd2 Be6 44. Ke1 Ke5 45. Ne8 Bb3 46. Kf2 Bxa4 47. Nc7 Kd6 48. Na8 Bxb5 49. Nxb6 Kc5 50. Kg2 Kxb6 51. Kh3 Bd7+ 52. Kxh4 1/2-1/2

[Event "Prebor Prahy jednotlivcu + Rejfiruv memorial 2025"]
[Site "Praha"]
[Date "2025.05.21"]
[Round "6.3"]
[White "Krivanek, Vladimir"]
[Black "Pospisil, Evzen"]
[Result "1/2-1/2"]
[WhiteElo "2172"]
[BlackElo "2017"]
[PlyCount "84"]
[GameId "2180068945441959"]
[EventDate "2025.??.??"]

1. e4 c5 2. Nf3 d6 3. d4 cxd4 4. c3 dxc3 5. Nxc3 Nc6 6. Bc4 a6 7. O-O Nf6 8. h3 e6 9. Qe2 Qc7 10. Bf4 Ne5 11. Bb3 Be7 12. Rac1 Qb8 13. Be3 Bd7 14. Nxe5 dxe5 15. Bb6 O-O 16. Rfd1 Rc8 17. Qe3 Bc6 18. Ba4 Bxa4 19. Nxa4 Rxc1 20. Rxc1 Qe8 21. b3 Nd7 22. Rc7 Nxb6 23. Nxb6 Rb8 24. Qc3 Bd8 25. Rc8 Rxc8 26. Qxc8 Qe7 27. Nd7 b6 28. g3 h5 29. Nxe5 Qc7 30. Qa8 Qxe5 31. Qxd8+ Kh7 32. Qxb6 Qa1+ 33. Kg2 Qxa2 34. Qe3 g6 35. e5 Qa5 36. Qf3 Kg8 37. Qe4 Kg7 38. b4 Qb5 39. Qf4 Kg8 40. Qe4 Kg7 41. Qf4 Kg8 42. Qe4 Kg7 1/2-1/2

[Event "Prebor Prahy jednotlivcu + Rejfiruv memorial 2025"]
[Site "Praha"]
[Date "2025.05.21"]
[Round "6.4"]
[White "Srba, Milan"]
[Black "Siktanc, Petr"]
[Result "1-0"]
[WhiteElo "2043"]
[BlackElo "2011"]
[PlyCount "101"]
[GameId "2180654621008245"]
[EventDate "2025.??.??"]

1. e4 e6 2. d4 d5 3. Nd2 Nf6 4. e5 Nfd7 5. c3 c5 6. f4 Nc6 7. Ndf3 Qb6 8. a3 Be7 9. h4 cxd4 10. cxd4 Na5 11. b4 Nc4 12. Bd3 Nb8 13. Ne2 h6 14. Nc3 Nc6 15. Kf1 Qd8 16. Qe2 b5 17. Nxb5 Qb6 18. Bxc4 dxc4 19. Qxc4 O-O 20. Nc3 Ba6 21. b5 Na5 22. Qd3 Bb7 23. Be3 Qd8 24. Kf2 Rc8 25. Ng5 hxg5 26. hxg5 g6 27. Rh6 Kg7 28. Rah1 Rg8 29. Rh7+ Kf8 30. d5 Bxd5 31. Bxa7 Qc7 32. Bd4 Qc4 33. Qxc4 Rxc4 34. Nxd5 Rxd4 35. Nf6 Bxf6 36. exf6 Rxf4+ 37. Ke3 Rc4 38. Rd1 Rc8 39. Rd7 Nc4+ 40. Ke4 Ke8 41. Rhxf7 Nd6+ 42. Rxd6 Kxf7 43. Rd7+ Ke8 44. Re7+ Kd8 45. b6 Rc1 46. b7 Rb1 47. a4 Rh8 48. Rg7 Rh4+ 49. Ke5 Rxa4 50. Kxe6 Rab4 51. Rd7+ 1-0

[Event "Prebor Prahy jednotlivcu + Rejfiruv memorial 2025"]
[Site "Praha"]
[Date "2025.05.21"]
[Round "6.5"]
[White "Docekalova, Alexandra"]
[Black "Filipi, Stepan"]
[Result "0-1"]
[WhiteElo "1977"]
[BlackElo "2121"]
[PlyCount "126"]
[GameId "2180029855179420"]
[EventDate "2025.??.??"]

1. b3 d5 2. Bb2 c5 3. e3 Nc6 4. f4 Nf6 5. Nf3 g6 6. Be2 Bg7 7. O-O O-O 8. Ne5 Qc7 9. Nxc6 Qxc6 10. Bf3 Bf5 11. g4 Be4 12. g5 Bxf3 13. Qxf3 Ne8 14. Bxg7 Nxg7 15. Nc3 Rad8 16. Ne2 Nf5 17. Ng3 Qd7 18. Nxf5 Qxf5 19. d3 e5 20. e4 dxe4 21. dxe4 Qxf4 22. Qxf4 exf4 23. Rxf4 Rd2 24. Rf2 Rd4 25. Re1 Re8 26. Rf4 Re5 27. h4 Rd2 28. Ref1 Re7 29. R1f2 Rxf2 30. Kxf2 h6 31. Ke3 hxg5 32. hxg5 Re5 33. Rg4 Kf8 34. Kf4 Re6 35. Rg3 Ke7 36. e5 Ra6 37. a4 Rb6 38. c4 Rc6 39. Ke4 Ke6 40. Rf3 Rc8 41. Rf6+ Ke7 42. e6 fxe6 43. Rxg6 Kd6 44. Rg7 Rh8 45. Rxb7 Rh4+ 46. Kf3 Ke5 47. g6 Rf4+ 48. Kg3 Rf6 49. g7 Rg6+ 50. Kf3 a5 51. Rb5 Kd4 52. Rxa5 Rxg7 53. Ra8 Rb7 54. Rd8+ Kc3 55. Rc8 Rxb3 56. Ke4 Kxc4 57. Ke5 Rb6 58. Ra8 Rc6 59. Rb8 Ra6 60. a5 Rxa5 61. Kxe6 Kc3 62. Kd5 c4+ 63. Ke4 Rc5 0-1

[Event "Prebor Prahy jednotlivcu + Rejfiruv memorial 2025"]
[Site "Praha"]
[Date "2025.05.21"]
[Round "6.6"]
[White "Tesar, Jakub"]
[Black "Cejkova, Miroslava"]
[Result "1/2-1/2"]
[WhiteElo "1953"]
[BlackElo "1968"]
[PlyCount "30"]
[GameId "2180024566308943"]
[EventDate "2025.??.??"]

1. d4 d6 2. e4 Nf6 3. Nc3 Nbd7 4. g4 h6 5. f4 e5 6. g5 hxg5 7. fxg5 exd4 8. Qxd4 Ng4 9. Nf3 Nde5 10. Nxe5 Nxe5 11. Be2 Nc6 12. Bb5 Bd7 13. Qd5 Qe7 14. O-O Qe6 15. Kh1 Rxh2+ 1/2-1/2

[Event "Prebor Prahy jednotlivcu + Rejfiruv memorial 2025"]
[Site "Praha"]
[Date "2025.05.21"]
[Round "6.7"]
[White "Mikhno, Artem"]
[Black "Heller, Jan"]
[Result "0-1"]
[WhiteElo "1901"]
[BlackElo "1936"]
[PlyCount "136"]
[GameId "2180658019595211"]
[EventDate "2025.??.??"]

1. d4 Nf6 2. c4 g6 3. Nc3 Bg7 4. e4 d6 5. Nf3 O-O 6. Be2 Nbd7 7. O-O e5 8. d5 Nc5 9. Bg5 a5 10. Ne1 h6 11. Bxf6 Bxf6 12. Nd3 Nxd3 13. Bxd3 Bg5 14. Qc2 Bd7 15. b3 b6 16. a3 f5 17. b4 f4 18. f3 Bh4 19. Nd1 axb4 20. a4 Qe8 21. Nb2 g5 22. Qb3 Qh5 23. Nd1 Bg3 24. h3 Qe8 25. Bc2 h5 26. Nf2 Qg6 27. Bd1 g4 28. fxg4 Bxf2+ 29. Rxf2 hxg4 30. Bxg4 Bxg4 31. hxg4 Qxe4 32. Qh3 Rf7 33. g5 Qf5 34. Qxf5 Rxf5 35. Rb2 Rxg5 36. Rxb4 f3 37. Ra2 Kf7 38. Rf2 Rxg2+ 39. Rxg2 fxg2 40. Kxg2 Kf6 41. Kf3 Kf5 42. Ke3 Ra5 43. Kd3 Ra8 44. Ke3 Rh8 45. a5 Rh3+ 46. Kd2 bxa5 47. Ra4 Ke4 48. Rxa5 Kd4 49. c5 Rh2+ 50. Ke1 Rc2 51. cxd6 cxd6 52. Kd1 Rc5 53. Ra8 Kxd5 54. Kd2 Kd4 55. Rd8 d5 56. Re8 e4 57. Rd8 Rb5 58. Ra8 Rb2+ 59. Kc1 Rb4 60. Kd2 Rc4 61. Re8 Rc3 62. Rd8 e3+ 63. Ke2 Rc2+ 64. Kd1 Rd2+ 65. Ke1 Ke4 66. Re8+ Kd3 67. Re5 d4 68. Re8 Rh2 0-1

[Event "Prebor Prahy jednotlivcu + Rejfiruv memorial 2025"]
[Site "Praha"]
[Date "2025.05.21"]
[Round "6.8"]
[White "Petras, Milan"]
[Black "Verner, Matej"]
[Result "0-1"]
[WhiteElo "2006"]
[BlackElo "2070"]
[PlyCount "76"]
[GameId "2180661183821225"]
[EventDate "2025.??.??"]

1. e4 c5 2. g3 Nc6 3. Bg2 g6 4. f4 Bg7 5. d3 d6 6. c3 e5 7. Nf3 Nge7 8. Be3 O-O 9. O-O b6 10. f5 gxf5 11. Nh4 fxe4 12. dxe4 f5 13. Nxf5 Bxf5 14. exf5 d5 15. Bg5 h6 16. Bh4 Bf6 17. c4 Nd4 18. Bxf6 Rxf6 19. g4 dxc4 20. Nc3 Rf8 21. Qc1 Kh7 22. Rf2 Nec6 23. Qe3 Qh4 24. Bxc6 Nxc6 25. Qe4 Nd4 26. f6+ Kh8 27. Raf1 Rg8 28. Rg2 Raf8 29. f7 Rg5 30. Qd5 Rxg4 31. Qxe5+ Kh7 32. Rff2 Qxf2+ 33. Kxf2 Rxf7+ 34. Ke3 Rf3+ 35. Kd2 Rxg2+ 36. Ke1 Nc2+ 37. Kd1 Ne3+ 38. Kc1 Rf1+ 0-1

[Event "Prebor Prahy jednotlivcu + Rejfiruv memorial 2025"]
[Site "Praha"]
[Date "2025.05.21"]
[Round "6.9"]
[White "Vanek, Petr"]
[Black "Lukasiewicz, Aleksander"]
[Result "0-1"]
[WhiteElo "2004"]
[BlackElo "2029"]
[PlyCount "80"]
[GameId "2180664289613503"]
[EventDate "2025.??.??"]

1. e4 e5 2. Nf3 Nc6 3. Bb5 g6 4. O-O Bg7 5. c3 a6 6. Ba4 d6 7. d4 Bd7 8. Be3 Nf6 9. Nbd2 Ng4 10. Bg5 f6 11. Bh4 h5 12. h3 g5 13. hxg4 hxg4 14. Bg3 gxf3 15. Nxf3 Qe7 16. Nh2 exd4 17. cxd4 O-O-O 18. d5 Ne5 19. Bxd7+ Nxd7 20. Rc1 Kb8 21. Qc2 Rc8 22. Nf3 f5 23. exf5 g4 24. Nh2 Be5 25. Bxe5 Nxe5 26. f4 g3 27. fxe5 Rxh2 28. Rf3 Qxe5 29. Qc3 Qxd5 30. Rxg3 Rh7 31. Qd3 Qxa2 32. Qd4 Rch8 33. Kf2 Qa5 34. f6 Rh4 35. Qc3 Qb6+ 36. Ke2 Re8+ 37. Kd3 Qb5+ 38. Kc2 Rc4 39. f7 Rxc3+ 40. Kxc3 Qe5+ 0-1

[Event "Prebor Prahy jednotlivcu + Rejfiruv memorial 2025"]
[Site "Praha"]
[Date "2025.05.21"]
[Round "6.10"]
[White "Plasek, Zdenek"]
[Black "Koper, Stefan"]
[Result "0-1"]
[WhiteElo "1963"]
[BlackElo "1826"]
[PlyCount "108"]
[GameId "2180033348855255"]
[EventDate "2025.??.??"]

1. c4 e6 2. d4 d5 3. Nf3 Nf6 4. g3 a6 5. Bg2 Bb4+ 6. Bd2 Bxd2+ 7. Nbxd2 O-O 8. O-O c6 9. Qc2 h6 10. Rfd1 b5 11. b3 Bb7 12. e3 Nbd7 13. Rac1 Rc8 14. c5 b4 15. Ne1 a5 16. f4 Ng4 17. Nf1 f5 18. Bf3 Ngf6 19. Nd3 Ne4 20. Bxe4 fxe4 21. Ne5 Nxe5 22. dxe5 Ba6 23. Nd2 Bd3 24. Qb2 Qe7 25. Nf3 Ra8 26. Nd4 Qd7 27. Rxd3 exd3 28. Qd2 a4 29. Qxb4 axb3 30. axb3 Ra2 31. Qc3 Qf7 32. Qxd3 Qh5 33. Rc2 Rfa8 34. Qe2 Ra1+ 35. Kg2 Qg6 36. Qf3 Qd3 37. Re2 R8a2 38. Kh3 Rxe2 39. Qxe2 Qxe2 40. Nxe2 Re1 41. Nd4 Rxe3 42. Nxc6 Rxb3 43. Nd8 d4 44. Kg2 d3 45. Kf2 d2 46. Ke2 Rd3 47. Kd1 Rxd8 48. c6 Kf7 49. c7 Rc8 50. Kxd2 Rxc7 51. Ke3 Rc3+ 52. Ke4 g6 53. g4 Rc4+ 54. Kf3 g5 0-1

[Event "Prebor Prahy jednotlivcu + Rejfiruv memorial 2025"]
[Site "Praha"]
[Date "2025.05.28"]
[Round "7.1"]
[White "Matras, Ondrej"]
[Black "Kulhanek, Tomas"]
[Result "1-0"]
[WhiteElo "2146"]
[BlackElo "2310"]
[PlyCount "81"]
[GameId "2182574116365974"]
[EventDate "2025.??.??"]

1. d4 Nf6 2. c4 e6 3. Nf3 Bb4+ 4. Bd2 Qe7 5. a3 Bxd2+ 6. Qxd2 O-O 7. Nc3 d6 8. e4 e5 9. d5 a5 10. Bd3 Nbd7 11. Na4 Nc5 12. Nxc5 dxc5 13. O-O a4 14. Qg5 Re8 15. h3 Bd7 16. Rac1 Ra6 17. Rc3 h6 18. Qe3 Nh5 19. Rb1 Nf4 20. Bf1 h5 21. h4 f6 22. g3 Ng6 23. Ne1 Nh8 24. Be2 g6 25. Nd3 b6 26. Kh2 Nf7 27. Rg1 Kh7 28. f3 g5 29. hxg5 Nxg5 30. Nf2 Rh8 31. f4 Nf7 32. Kg2 Kg7 33. Rh1 Raa8 34. Bxh5 Nd6 35. f5 c6 36. Rcc1 cxd5 37. cxd5 Nb5 38. Rh4 Nd4 39. Rch1 Bb5 40. d6 Qxd6 41. Bg6 1-0

[Event "Prebor Prahy jednotlivcu + Rejfiruv memorial 2025"]
[Site "Praha"]
[Date "2025.05.28"]
[Round "7.2"]
[White "Pospisil, Evzen"]
[Black "Muron, Miroslav"]
[Result "1/2-1/2"]
[WhiteElo "2017"]
[BlackElo "2113"]
[PlyCount "71"]
[GameId "2183247842755093"]
[EventDate "2025.??.??"]

1. d4 Nf6 2. Nf3 g6 3. g3 Bg7 4. c4 O-O 5. Bg2 d6 6. O-O Nbd7 7. Nc3 e5 8. e4 c6 9. b3 Re8 10. Re1 a5 11. Ba3 exd4 12. Nxd4 Nc5 13. Qd2 Qb6 14. Rad1 Bg4 15. f3 Be6 16. Qf2 Nfd7 17. Nce2 d5 18. cxd5 cxd5 19. Nxe6 fxe6 20. exd5 exd5 21. Rxd5 Bc3 22. Nxc3 Rxe1+ 23. Qxe1 Nd3+ 24. Bc5 N7xc5 25. Qe3 Rd8 26. f4 Qf6 27. Rxd8+ Qxd8 28. Bd5+ Kg7 29. Qd4+ Kh6 30. g4 Qe7 31. g5+ Kh5 32. Bf3+ Kh4 33. Ne2 b6 34. Kf1 Qd7 35. Qxd7 Nxd7 36. Kg2 1/2-1/2

[Event "Prebor Prahy jednotlivcu + Rejfiruv memorial 2025"]
[Site "Praha"]
[Date "2025.05.28"]
[Round "7.3"]
[White "Svadlenka, Dominik"]
[Black "Srba, Milan"]
[Result "1/2-1/2"]
[WhiteElo "1957"]
[BlackElo "2043"]
[PlyCount "77"]
[GameId "2183250914776246"]
[EventDate "2025.??.??"]

1. d4 Nf6 2. c4 e6 3. Nc3 Bb4 4. Qc2 b6 5. e4 Bxc3+ 6. bxc3 d6 7. Bd3 e5 8. Ne2 h6 9. O-O Nc6 10. f4 Bg4 11. Be3 Bxe2 12. Qxe2 Qe7 13. c5 O-O 14. fxe5 dxe5 15. d5 Na5 16. c6 Rad8 17. c4 Ne8 18. Rf3 Rd6 19. c5 Rg6 20. Qb2 Rf6 21. Raf1 Rxf3 22. Rxf3 Qd8 23. Qxe5 Nxc6 24. Qg3 f6 25. Bxh6 Ne5 26. Re3 bxc5 27. Bf4 Qe7 28. Bxe5 fxe5 29. Be2 Rf4 30. Bg4 Nd6 31. Be6+ Kh7 32. Qe1 g6 33. g3 Rf7 34. Qe2 c4 35. Rf3 Rxf3 36. Qxf3 Qg5 37. Qf8 Qe3+ 38. Kg2 Qd2+ 39. Kg1 1/2-1/2

[Event "Prebor Prahy jednotlivcu + Rejfiruv memorial 2025"]
[Site "Praha"]
[Date "2025.05.28"]
[Round "7.4"]
[White "Filipi, Stepan"]
[Black "Krivanek, Vladimir"]
[Result "0-1"]
[WhiteElo "2121"]
[BlackElo "2172"]
[PlyCount "104"]
[GameId "2183253224523590"]
[EventDate "2025.??.??"]

1. e4 e5 2. Nf3 Nf6 3. Nxe5 d6 4. Nf3 Nxe4 5. Nc3 Nf6 6. d4 d5 7. Be2 h6 8. Bf4 Be6 9. Ne5 Nbd7 10. Qd3 a6 11. Bf3 c6 12. Nd1 Bb4+ 13. c3 Ba5 14. Ne3 Bc7 15. Nf5 O-O 16. O-O Nxe5 17. dxe5 Nd7 18. Rfe1 Qb8 19. Bg4 Bxf5 20. Qxf5 Nc5 21. Qh5 Qe8 22. Bxh6 f5 23. Qxe8 Raxe8 24. Be3 Nd3 25. Red1 Nxb2 26. Rdb1 fxg4 27. Rxb2 b5 28. Rb4 Bxe5 29. Rc1 g3 30. hxg3 Bxg3 31. Bc5 Bf4 32. Rd1 Rf6 33. g3 Bd6 34. Bxd6 Rxd6 35. Rb2 Re4 36. Kg2 Rde6 37. Rdd2 a5 38. Kf3 Kf7 39. Rb1 Ke7 40. Rh1 Kd6 41. Rh7 g6 42. Rh4 Kc5 43. Rd4 Rf6+ 44. Kg2 Re2 45. Rhf4 Rxf4 46. Rxf4 Rxa2 47. Rg4 b4 48. cxb4+ axb4 49. Rxg6 b3 50. Rg8 Ra4 51. Rh8 b2 52. Rh1 Ra1 0-1

[Event "Prebor Prahy jednotlivcu + Rejfiruv memorial 2025"]
[Site "Praha"]
[Date "2025.05.28"]
[Round "7.5"]
[White "Verner, Matej"]
[Black "Cejkova, Miroslava"]
[Result "1-0"]
[WhiteElo "2070"]
[BlackElo "1968"]
[PlyCount "55"]
[GameId "2182561407709288"]
[EventDate "2025.??.??"]

1. e4 e5 2. Bc4 Nc6 3. Nc3 d6 4. d3 Na5 5. Nge2 Nxc4 6. dxc4 Be6 7. b3 Be7 8. Nd5 Nf6 9. f3 Nxd5 10. cxd5 Bd7 11. Be3 f5 12. Qd3 O-O 13. c4 fxe4 14. fxe4 Bg5 15. Rf1 Rxf1+ 16. Kxf1 Bxe3 17. Qxe3 Qh4 18. Kg1 Rf8 19. Ng3 b6 20. b4 Qf4 21. Re1 g5 22. c5 Bb5 23. cxd6 cxd6 24. Nf5 Rd8 25. Qc3 Rd7 26. Qc8+ Kf7 27. Qh8 Kg6 28. Qe8+ 1-0

[Event "Prebor Prahy jednotlivcu + Rejfiruv memorial 2025"]
[Site "Praha"]
[Date "2025.05.28"]
[Round "7.6"]
[White "Lukasiewicz, Aleksander"]
[Black "Docekalova, Alexandra"]
[Result "1-0"]
[Annotator "U~ivatel"]
[WhiteElo "2029"]
[BlackElo "1977"]
[PlyCount "79"]
[GameId "2183263361884242"]
[EventDate "2025.??.??"]

1. e4 e6 2. d4 d5 3. exd5 exd5 4. Nf3 Bd6 5. Bd3 Ne7 6. O-O O-O 7. Re1 Bf5 8. Bg5 f6 9. Bh4 Qd7 10. Bg3 Bxd3 11. Qxd3 Bxg3 12. hxg3 c6 13. Nbd2 Na6 14. Nf1 Rae8 15. Ne3 Nc7 16. c3 Nc8 17. a4 Nd6 18. Nd2 Ne4 19. Nxe4 Rxe4 20. Red1 Rfe8 21. Rac1 g6 22. Rc2 Qf7 23. Kf1 Qg7 24. b3 f5 25. Rcc1 f4 26. gxf4 Rxf4 27. g3 Rfe4 28. Re1 Qd7 29. Kg2 R4e7 30. Qf1 Ne6 31. Ng4 Kg7 32. Ne5 Qd6 33. Qh1 c5 34. Qh4 cxd4 35. cxd4 Kg8 36. Nf3 Nd8 37. Rxe7 Rxe7 38. Ne5 Ne6 39. Qf6 Qd8 40. Ng4 1-0

[Event "Prebor Prahy jednotlivcu + Rejfiruv memorial 2025"]
[Site "Praha"]
[Date "2025.05.28"]
[Round "7.7"]
[White "Siktanc, Petr"]
[Black "Tesar, Jakub"]
[Result "1/2-1/2"]
[WhiteElo "2011"]
[BlackElo "1953"]
[PlyCount "107"]
[GameId "2183278571402406"]
[EventDate "2025.??.??"]

1. Nf3 d5 2. e3 c5 3. b3 Nc6 4. Bb2 Qc7 5. Bb5 Bg4 6. h3 Bh5 7. c4 a6 8. Ba4 e6 9. O-O Nf6 10. Qe2 Bd6 11. d3 O-O 12. Bxc6 Qxc6 13. Nbd2 Rac8 14. Rfe1 Bb8 15. Rac1 Rfd8 16. Qf1 dxc4 17. Rxc4 b5 18. Rc2 Bg6 19. e4 Qd7 20. Rec1 Ba7 21. Ne5 Qb7 22. Qe2 Nd7 23. Ndf3 f6 24. Nxg6 hxg6 25. d4 cxd4 26. Nxd4 Rxc2 27. Qxc2 Nc5 28. Re1 e5 29. Nf3 Nd3 30. Re2 Qb6 31. Bc1 Nb4 32. Qc3 Rd1+ 33. Kh2 Qd6 34. Ba3 Bc5 35. Bxb4 Bxb4 36. Qc2 Kf7 37. h4 a5 38. g3 Rd3 39. Kg2 Rc3 40. Qb1 Qc6 41. Qd1 Ke7 42. Nh2 Rc1 43. Qd3 Rc3 44. Qd1 Bc5 45. Nf1 Bd4 46. Nh2 Rc1 47. Qd3 Ra1 48. Rc2 Qd7 49. Nf3 Bb6 50. Nd2 Bd4 51. Nf3 Ba7 52. Qe2 b4 53. Rc4 Bb6 54. Qc2 1/2-1/2

[Event "Prebor Prahy jednotlivcu + Rejfiruv memorial 2025"]
[Site "Praha"]
[Date "2025.05.28"]
[Round "7.8"]
[White "Heller, Jan"]
[Black "Koper, Stefan"]
[Result "1/2-1/2"]
[Annotator "U~ivatel"]
[WhiteElo "1936"]
[BlackElo "1826"]
[PlyCount "122"]
[GameId "2183291826031256"]
[EventDate "2025.??.??"]

1. d4 d5 2. c4 c6 3. Nc3 Nf6 4. Bg5 e6 5. cxd5 exd5 6. Qc2 Be7 7. e3 O-O 8. Bd3 h6 9. Bh4 a5 10. Nge2 Re8 11. O-O Nbd7 12. f3 Nf8 13. Bf2 Ne6 14. h3 b6 15. e4 Bb7 16. e5 Nd7 17. f4 c5 18. Rad1 cxd4 19. Nb5 Ndc5 20. Bh7+ Kh8 21. Nbxd4 Rc8 22. Qb1 Ba6 23. Rfe1 Nxd4 24. Nxd4 Ne6 25. Bf5 Bc5 26. g3 Rc7 27. a3 a4 28. Bc2 Nxd4 29. Bxd4 Qd7 30. g4 Bc4 31. Rd2 Bxd4+ 32. Rxd4 b5 33. Qd1 Qe7 34. Qd2 Rc6 35. Bb1 Qh4 36. Re3 Qd8 37. Kh2 Qc7 38. Rc3 Qb6 39. Rg3 Qd8 40. Rg1 Qe7 41. Re1 Qh4 42. Rc1 Rec8 43. Rg1 Bb3 44. Rg2 Qe7 45. Qd3 g6 46. Qe3 Kg7 47. f5 Qg5 48. Qf2 Kg8 49. Bd3 Bc4 50. h4 Qe7 51. Bb1 Qxe5+ 52. Qf4 Qxf4+ 53. Rxf4 Kg7 54. Rgf2 g5 55. f6+ Kf8 56. hxg5 hxg5 57. Rf5 d4 58. Rxg5 d3 59. Rh5 Ke8 60. Re5+ Kd7 61. Rd2 Rxf6 1/2-1/2

[Event "Prebor Prahy jednotlivcu + Rejfiruv memorial 2025"]
[Site "Praha"]
[Date "2025.05.28"]
[Round "7.9"]
[White "Petras, Milan"]
[Black "Mikhno, Artem"]
[Result "1/2-1/2"]
[WhiteElo "2006"]
[BlackElo "1901"]
[PlyCount "31"]
[GameId "2187615120363819"]
[EventDate "2025.??.??"]

1. Nf3 Nf6 2. g3 d5 3. Bg2 e6 4. O-O Be7 5. d3 O-O 6. Nbd2 b6 7. c3 Bb7 8. Qc2 c5 9. Ne5 Qc7 10. f4 Nc6 11. Ndf3 Rac8 12. a4 Rfd8 13. Nxf7 Kxf7 14. Ng5+ Kg8 15. Nxe6 Qd6 16. Nxd8 1/2-1/2

[Event "Prebor Prahy jednotlivcu + Rejfiruv memorial 2025"]
[Site "Praha"]
[Date "2025.05.28"]
[Round "7.10"]
[White "Plasek, Zdenek"]
[Black "Vanek, Petr"]
[Result "1-0"]
[WhiteElo "1963"]
[BlackElo "2004"]
[PlyCount "103"]
[GameId "2182564179513899"]
[EventDate "2025.??.??"]

1. d4 d5 2. Bf4 Nf6 3. e3 g6 4. c4 Bg7 5. Nc3 c6 6. Qb3 Qb6 7. Bd3 Nbd7 8. Nf3 O-O 9. h3 dxc4 10. Bxc4 Qxb3 11. Bxb3 b5 12. Ne5 b4 13. Na4 Nxe5 14. Bxe5 Bf5 15. O-O Ne4 16. Bxg7 Kxg7 17. Rfd1 Rfd8 18. Rac1 Rd6 19. Nc5 Nxc5 20. Rxc5 a5 21. Ba4 Ra6 22. Rdc1 Be6 23. Bb3 a4 24. Bxe6 Rxe6 25. R1c4 b3 26. a3 f5 27. g3 Kf6 28. Kg2 g5 29. Kf3 h5 30. h4 g4+ 31. Ke2 Rd6 32. Rb4 Rd5 33. Rcc4 Rda5 34. Rb8 Rb5 35. Rc8 Rbb6 36. Rc5 e6 37. Rc7 Kg6 38. Re5 Kf6 39. Rh7 c5 40. Rxc5 Rc6 41. Rc7 Rxc5 42. Rxc5 Ke7 43. Kd3 Kd6 44. Kc3 Rb6 45. Kd3 Rb8 46. Rc4 Ra8 47. e4 fxe4+ 48. Kxe4 Rf8 49. Ke3 Kd5 50. Rc5+ Kd6 51. Rxh5 Re8 52. Rc5 1-0

[Event "Prebor Prahy jednotlivcu + Rejfiruv memorial 2025"]
[Site "Praha"]
[Date "2025.06.04"]
[Round "8.1"]
[White "Muron, Miroslav"]
[Black "Verner, Matej"]
[Result "1-0"]
[WhiteElo "2164"]
[BlackElo "2143"]
[PlyCount "79"]
[GameId "2185106805397584"]
[EventDate "2025.??.??"]

1. e4 c5 2. Nc3 Nc6 3. g3 g6 4. Bg2 Bg7 5. d3 d6 6. f4 Rb8 7. Nf3 b5 8. O-O b4 9. Nd5 Nf6 10. Nxf6+ Bxf6 11. a3 a5 12. h3 O-O 13. axb4 axb4 14. g4 Bb7 15. f5 Ne5 16. Rb1 Nxf3+ 17. Qxf3 g5 18. h4 h6 19. Be3 Ra8 20. Qf2 Ra2 21. Qd2 e6 22. hxg5 hxg5 23. Rf2 e5 24. Bf3 Kg7 25. Rh2 Rh8 26. Rxh8 Kxh8 27. Kg2 Kg7 28. Kg3 Bc6 29. b3 d5 30. exd5 Bxd5 31. Bxd5 Qxd5 32. Bxg5 e4 33. Bxf6+ Kxf6 34. Qh6+ Ke7 35. Re1 Rxc2 36. Rxe4+ Kd7 37. Qf4 Qxd3+ 38. Re3 Qd2 39. Kh4 Rc3 40. Re7+ 1-0

[Event "Prebor Prahy jednotlivcu + Rejfiruv memorial 2025"]
[Site "Praha"]
[Date "2025.06.04"]
[Round "8.2"]
[White "Krivanek, Vladimir"]
[Black "Matras, Ondrej"]
[Result "1-0"]
[WhiteElo "2172"]
[BlackElo "2217"]
[PlyCount "81"]
[GameId "2186161552855143"]
[EventDate "2025.??.??"]

1. e4 e6 2. d4 d5 3. exd5 exd5 4. c4 Nf6 5. Nc3 c6 6. Bd3 Bd6 7. Nge2 O-O 8. Bg5 dxc4 9. Bxc4 Nbd7 10. Qd3 Qa5 11. Bd2 Qc7 12. h3 b5 13. Bb3 a5 14. Rc1 Qd8 15. Qf3 Ra6 16. O-O a4 17. Bc2 Re8 18. Ng3 Nf8 19. Rfd1 h6 20. Nge4 Nxe4 21. Nxe4 Be6 22. Nxd6 Qxd6 23. Bf4 Qd7 24. Qg3 Kh8 25. a3 Bd5 26. Be5 f6 27. Bd6 Kg8 28. Bb4 Raa8 29. Re1 Rxe1+ 30. Rxe1 Re8 31. Rxe8 Qxe8 32. Bf5 Ne6 33. Qe3 Nc7 34. Qg3 Ne6 35. Bg6 Qc8 36. Qe3 Nf8 37. Bd3 Qe6 38. Qg3 Qe8 39. Qd6 Ne6 40. Bxb5 Nxd4 41. Qxd5+ 1-0